CELL AND MOLECULAR BIOLOGY [ B.PHARMA, 8TH SEMESTER] (Record no. 8682)

MARC details
000 -LEADER
fixed length control field 00518nam a22001817a 4500
005 - DATE AND TIME OF LATEST TRANSACTION
control field 20240920152924.0
008 - FIXED-LENGTH DATA ELEMENTS--GENERAL INFORMATION
fixed length control field 240919b |||||||| |||| 00| 0 eng d
020 ## - INTERNATIONAL STANDARD BOOK NUMBER
ISBN 978-93-90460-92-2
041 ## - LANGUAGE CODE
Language code of text/sound track or separate title eng
082 ## - DEWEY DECIMAL CLASSIFICATION NUMBER
Classification number 612.015
100 ## - MAIN ENTRY--AUTHOR NAME
Personal name PANDA, DR.SANJAYA KUMAR AND TIWARI, DR. NEHA
245 ## - TITLE STATEMENT
Title CELL AND MOLECULAR BIOLOGY [ B.PHARMA, 8TH SEMESTER]
250 ## - EDITION STATEMENT
Edition statement 1ST. RE.P ED. 2023
260 ## - PUBLICATION, DISTRIBUTION, ETC. (IMPRINT)
Place of publication LUCKNOW
Name of publisher THAKUR PUBLICATION PVT LTD
300 ## - PHYSICAL DESCRIPTION
Number of Pages 248;P
650 ## - SUBJECT ADDED ENTRY--TOPICAL TERM
Topical Term PHARMACY
General subdivision B.PHARMA
942 ## - ADDED ENTRY ELEMENTS (KOHA)
Koha item type Books
Holdings
Lost status Damaged status Collection code Home library Current library Shelving location Date acquired Source of acquisition Cost, normal purchase price Serial Enumeration / chronology Full call number Accession Number Koha item type
    Reference JRU Library JRU Library SHELF-3-D 13/09/2024 PURCHASE 220.00 NEW ARRIVALS SHELF 612.015 28530 Books
    PHARMACY JRU Library JRU Library SHELF-28-A 13/09/2024 PURCHASE 220.00   612.015 28531 Books
    PHARMACY JRU Library JRU Library Shelf - 22- A 13/09/2024 PURCHASE 220.00   612.015 28532 Books